000 00797nam a2200253Ia 4500
003 OSt
005 20220925205757.0
006 a|||||r|||| 00| 0
007 ta
008 220923b |||||||| |||| 00| 0 hin d
037 _cGeneral Book
040 _aRTL
_cRTL
_bhin
041 _2hin
_ahin
082 _aV243:51y7M55, L5
100 _aMulraj R B
_9270996
245 0 _aBeginning of Punjabi nationalism
_b Autobiography
260 _aHoshiarpur
_bV V R I
_c1975
300 _axii, 327p
_ccm.
490 _aWoolner Indological Series. Ed by Rala Ram. 20. V V Vedic Resarch Institute Publication. 630
500 _aAppendix: P 121-327
650 _aHistory of Punjab
_9230383
942 _hV243:51y7M55, L5
_cGB
_2CC
999 _c553170
_d553170